| 000 | 00951cam a2200277 a 4500 | ||
|---|---|---|---|
| 001 | 3073459 | ||
| 003 | OSt | ||
| 005 | 20160425185300.0 | ||
| 008 | 971202s1999 nyua 001 0 eng | ||
| 010 | _a 97048837 | ||
| 020 | _a0716728818 | ||
| 040 |
_aDLC _cDLC _dDLC |
||
| 050 | 0 | 0 |
_aQD101.2 _b.H37 1999 |
| 082 | 0 | 0 |
_a545 _221 _bHAR 2000 |
| 100 | 1 |
_aHarris, Daniel C., _98281 |
|
| 245 | 1 | 0 |
_aQuantitative chemical analysis / _cDaniel C. Harris. |
| 250 | _a5th ed. | ||
| 260 |
_aNew York : _bW.H. Freeman, _c2000 |
||
| 300 |
_axix, 899, 42, 34, 126 p. : _bcol.ill; _c26 cm. + _e1 computer laser optical disc (4 3/4 in.) |
||
| 500 | _aIncludes index. | ||
| 650 | 0 |
_aChemistry, Analytic _xQuantitative. _98274 |
|
| 906 |
_a7 _bcbu _corignew _d1 _eocip _f19 _gy-gencatlg |
||
| 942 |
_2ddc _cSLOAN |
||
| 999 |
_c3754 _d3754 |
||